000 00815nam a22002417a 4500
001 7347
003 FISKH
005 20250801102753.0
008 250710b cb ||||| |||| 00| 0 eng d
040 _aFISKH
_beng
_cFISKH
_dFISKH
050 _aQA95 .T334
082 _a793.74
100 _aTang, Greg
245 _aThe Grapes of Math:
_bMind-stretching math riddles /
_cby Greg Tang ; Illustrated by Harry Briggs
260 _aNew York :
_bScholastic,
_c2001.
300 _a16 unnumbered pages :
_bcolor illustrations ;
_c26 cm
505 _aNP
520 _aIllustrated riddles introduce strategies for solving a variety of math problems in using visual clues.
650 _aMultiplication
_vProblem Solving
_xCounting
700 _aBriggs, Harry
_eillustrator
942 _2ddc
_cBK
_n0
999 _c7347
_d7347